| 000 | 00425nam a22001697a 4500 | ||
|---|---|---|---|
| 003 | NUST - PNEC | ||
| 005 | 20170116180944.0 | ||
| 008 | 150907b xxu||||| |||| 00| 0 eng d | ||
| 020 | _a- | ||
| 040 | _cLIBRARY | ||
| 082 | _a621.381 SIN | ||
| 100 |
_98904 _aSinclair, Ian R. |
||
| 245 |
_aElectronic power supply handbook _cIan R. Sinclair |
||
| 260 | _c- | ||
| 650 |
_98902 _aElectronic Engineering _xEL |
||
| 942 |
_2ddc _cBK |
||
| 999 |
_c66255 _d66255 |
||